000 00430nam a2200145 4500
001 119843
003 ES-MaACL
007 t|
008 070214s1940 sp r ||||1| spa d
100 1 _aPérez-Pons Jover, Francisco.
_991091
245 1 0 _aContabilidad elemental /
_cpor Francisco Pérez-Pons Jover.
260 _aBilbao :
_b[s.n.],
_c1940 (
_fImp. Moderna)
300 _a415 p. :
_b23 cm.
852 _aES-MaACL
_jB-9576
_bR.19381
999 _c119843
_d119843